| 000 | 00576mam a2200181 a 4500 | ||
|---|---|---|---|
| 020 | _a0002551977 : | ||
| 082 | 0 | 4 | _a330.01 |
| 100 | 1 |
_aMcRae, Hamish. _912769 |
|
| 245 | 1 | 4 |
_aThe world in 2020 : _bpower, culture and prosperity : a vision of the future / _cHamish McRae. |
| 260 |
_aLondon : _bHarperCollins, _c1994. |
||
| 300 |
_axiii, 302 p. : _bill. ; _c24 cm. |
||
| 500 | _aIncludes index. | ||
| 526 |
_a0 _b0 _c0 _d330_010000000000000 |
||
| 650 | 0 |
_aEconomic forecasting. _936853 |
|
| 650 | 0 |
_aSocial prediction. _912756 |
|
| 650 | 0 | _aTwenty-first century | |
| 942 |
_2ddc _cBK |
||
| 999 |
_c541805 _d541805 |
||